<?xml version="1.0" encoding="UTF-8"?>
<record
    xmlns:xsi="http://www.w3.org/2001/XMLSchema-instance"
    xsi:schemaLocation="http://www.loc.gov/MARC21/slim http://www.loc.gov/standards/marcxml/schema/MARC21slim.xsd"
    xmlns="http://www.loc.gov/MARC21/slim">

  <leader>00493nam a2200157Ia 4500</leader>
  <controlfield tag="008">121101s9999    xx            000 0 und d</controlfield>
  <datafield tag="020" ind1=" " ind2=" ">
    <subfield code="a">84-8322-131-4</subfield>
  </datafield>
  <datafield tag="050" ind1=" " ind2=" ">
    <subfield code="a">QA76.9 D3 H63 1998</subfield>
  </datafield>
  <datafield tag="082" ind1=" " ind2=" ">
    <subfield code="a">005.13 H681c 1998</subfield>
  </datafield>
  <datafield tag="100" ind1=" " ind2=" ">
    <subfield code="a">Hobuss, James J.</subfield>
  </datafield>
  <datafield tag="245" ind1=" " ind2=" ">
    <subfield code="a">Creaci&#xF3;n de sitios Web con Access / James J. Hobuss</subfield>
  </datafield>
  <datafield tag="260" ind1=" " ind2=" ">
    <subfield code="a">Espa&#xF1;a : Prentice Hall</subfield>
  </datafield>
  <datafield tag="300" ind1=" " ind2=" ">
    <subfield code="a">497 p.</subfield>
  </datafield>
  <datafield tag="500" ind1=" " ind2=" ">
    <subfield code="a">Traducci&#xF3;n de: Ra&#xFA;l Concha</subfield>
  </datafield>
  <datafield tag="650" ind1=" " ind2=" ">
    <subfield code="a">1. CREACI&#xD3;N DE SITIOS WEB 2. LENGUAJES DE PROGRAMACI&#xD3;N.&#xCC;</subfield>
  </datafield>
  <datafield tag="952" ind1=" " ind2=" ">
    <subfield code="0">0</subfield>
    <subfield code="1">0</subfield>
    <subfield code="4">0</subfield>
    <subfield code="7">0</subfield>
    <subfield code="a">12</subfield>
    <subfield code="b">12</subfield>
    <subfield code="d">2008-11-28</subfield>
    <subfield code="l">0</subfield>
    <subfield code="o">QA76.9 D3 H63 1998</subfield>
    <subfield code="p">12 000983</subfield>
    <subfield code="r">2015-04-22</subfield>
    <subfield code="t">1</subfield>
    <subfield code="w">2012-11-01</subfield>
    <subfield code="y">LB</subfield>
  </datafield>
  <datafield tag="952" ind1=" " ind2=" ">
    <subfield code="0">0</subfield>
    <subfield code="1">0</subfield>
    <subfield code="4">0</subfield>
    <subfield code="7">0</subfield>
    <subfield code="a">12</subfield>
    <subfield code="b">12</subfield>
    <subfield code="d">2008-11-28</subfield>
    <subfield code="l">0</subfield>
    <subfield code="o">QA76.9 D3 H63 1998</subfield>
    <subfield code="p">12 000984</subfield>
    <subfield code="r">2015-04-22</subfield>
    <subfield code="t">2</subfield>
    <subfield code="w">2012-11-01</subfield>
    <subfield code="y">LB</subfield>
  </datafield>
  <datafield tag="999" ind1=" " ind2=" ">
    <subfield code="c">87052</subfield>
    <subfield code="d">87052</subfield>
  </datafield>
</record>
